Economics: Principles, Problems and Policies (Record no. 5709)

MARC details
005 - DATE AND TIME OF LATEST TRANSACTION
control field 20250627151309.0
020 ## - INTERNATIONAL STANDARD BOOK NUMBER
International Standard Book Number 0-07-234036-3
082 ## - DEWEY DECIMAL CLASSIFICATION NUMBER
Classification number 330 McC
100 ## - MAIN ENTRY--PERSONAL NAME
Author name McConnell,Campbell R.
245 ## - TITLE STATEMENT
Title Economics: Principles, Problems and Policies
250 ## - EDITION STATEMENT
Edition statement 15th Ed.
260 ## - PUBLICATION, DISTRIBUTION, ETC.
Place of publication, distribution, etc. Boston,
Name of publisher, distributor, etc. McGraw-Hill/Irwin,
Date of publication, distribution, etc. 2002.
300 ## - PHYSICAL DESCRIPTION
Extent xxx,793p.:ill.;figures, tables,pictures
Other physical details Bibliography, Glossary and Index
Dimensions 27cm
700 ## - ADDED ENTRY--PERSONAL NAME
Other authors/Editors Brue, Stanley L.
942 ## - ADDED ENTRY ELEMENTS (KOHA)
Source of classification or shelving scheme Dewey Decimal Classification
Koha item type Books
Holdings
Date last seen Total checkouts Full call number Barcode Cost, replacement price Price effective from Koha item type Lost status Source of classification or shelving scheme Damaged status Not for loan Withdrawn status Home library Current library Shelving location Date acquired Source of acquisition Cost, normal purchase price
06/27/2025   330 McC MZA0002590 150000.00 06/27/2025 Books   Dewey Decimal Classification       CBE Mwanza CBE Mwanza General Collection 07/16/2007 Library Budget 50000.00